15 Największych Miast w Rumunii na Mapie - Statystyki

Ogólne statystyki
  • Ten quiz został rozwiązany 59 razy
  • Średni wynik to 9 z 15
Odpowiedzi na mapie
Odpowiedzi zakodowano w zielono-czerwonej skali na mapie do tego quizu, zgodnie z poniższymi procentami.
 
Statystyki odpowiedzi
Miasto Populacja % Poprawnych
Bukareszt 1,7 mln
100%
Kluż-Napoka 290k
90%
Timisoara 250k
77%
Konstanca 260k
74%
Braszów 240k
68%
Jassy 270k
68%
Krajowa 230k
65%
Arad 150k
55%
Gałacz 220k
52%
Oradea 180k
42%
Ploeszti 180k
42%
Braiła 155k
39%
Sybin 135k
35%
Bacau 140k
29%
Pitesti 140k
29%
Nie znaleziono quizów pasujących do podanych kryteriów
Rozkład punktacji
Procent ludzi z każdym wynikiem
Percentyl według liczby udzielonych odpowiedzi
Twoja historia wyników
Nie rozwiązałeś tego quizu